000 01766nam a2200253Ia 4500
008 260220t9999||||xx |||||||||||||| ||spa||
020 _a8472142450
040 _aPY-SlUNAC
_bspa
_erda
041 _aspa
082 _a539.7
_bP277e
100 _aPetterson, Walter C.
_eAutor
245 0 _aLa energía nuclear /
_cpor Walter C. Petterson [Autor]
264 _aMadrid :
_bBlume,
_c347.
300 _a1 volumen
520 _aEn "La energía nuclear", Walter C. Petterson ofrece un análisis exhaustivo sobre el desarrollo, los principios y las aplicaciones de la energía nuclear desde una perspectiva técnica y social. El autor explora las bases científicas que sustentan la fisión nuclear, describiendo el funcionamiento de los reactores y los diferentes tipos de combustibles nucleares. Además, se aborda el impacto ambiental y los riesgos asociados con la generación de energía a partir de reacciones nucleares, así como las cuestiones de seguridad y gestión de desechos radiactivos. Petterson también discute las implicaciones políticas y económicas de la energía nuclear, considerando su papel en la matriz energética global y el debate sobre su sostenibilidad frente a las energías renovables. A través de un enfoque crítico, el libro invita a reflexionar sobre el futuro de la energía nuclear en un mundo que enfrenta desafíos energéticos y medioambientales, proponiendo un diálogo sobre la necesidad de un equilibrio entre desarrollo tecnológico y responsabilidad social.
653 _aCiencia
653 _aEnergía nuclear
653 _aTecnología nuclear
942 _b2026/02/17
_cBK
999 _c7815
_d7815